Supply shock : economic growth at the crossroads and the steady state solution /

Bibliographic Details
Main Author: Czech, Brian, 1960- (Author)
Format: eBook
Language:English
Published: Gabriola Island, British Columbia : New Society Publishers, 2013.
Subjects:
Online Access:Click to View
LEADER 01755nam a2200409 i 4500
001 EBC5180747
003 MiAaPQ
005 20200520144314.0
006 m o d |
007 cr cnu||||||||
008 180207t20132013bcca ob 001 0 eng d
020 |z 9780865717442 
020 |a 9781550925265  |q (electronic bk.) 
035 |a (MiAaPQ)EBC5180747 
035 |a (Au-PeEL)EBL5180747 
035 |a (CaPaEBR)ebr11529169 
035 |a (OCoLC)841906732 
040 |a MiAaPQ  |b eng  |e rda  |e pn  |c MiAaPQ  |d MiAaPQ 
050 4 |a HC79.E5  |b .C94 2013 
082 0 |a 338.9/27  |2 23 
100 1 |a Czech, Brian,  |d 1960-  |e author. 
245 1 0 |a Supply shock :  |b economic growth at the crossroads and the steady state solution /  |c Brian Czech. 
264 1 |a Gabriola Island, British Columbia :  |b New Society Publishers,  |c 2013. 
264 4 |c 2013 
300 |a 1 online resource (370 pages) :  |b illustrations 
336 |a text  |2 rdacontent 
337 |a computer  |2 rdamedia 
338 |a online resource  |2 rdacarrier 
504 |a Includes bibliographical references and index. 
588 |a Description based on print version record. 
590 |a Electronic reproduction. Ann Arbor, MI : ProQuest, 2016. Available via World Wide Web. Access may be limited to ProQuest affiliated libraries. 
650 0 |a Environmental economics. 
650 0 |a Economic policy. 
655 4 |a Electronic books. 
776 0 8 |i Print version:  |a Czech, Brian, 1960-  |t Supply shock : economic growth at the crossroads and the steady state solution.  |d Gabriola Island, British Columbia : New Society Publishers, c2013   |h xv, 367 pages   |z 9780865717442   |w 2013432876 
797 2 |a ProQuest (Firm) 
856 4 0 |u https://ebookcentral.proquest.com/lib/matrademy/detail.action?docID=5180747  |z Click to View